000 01007nas a2200265 4500
001 BR9209437
003 BR-BrBNA
005 20231205093255.0
007 ta
008 230509b bl.|||p| |||| 00| 00por d
040 _aBR-BrBNA
_bpor
_cBiblioteca Nacional de Agricultura
041 _a(Pt)
072 _aL74
100 1 _aFichtner, S.S.
100 1 _aJardim, E.C.
100 1 _aCosta, C. de P.
245 1 _aContribuicao do estudo das carencias minerais em bovinos no estado de Goias (Determinacao dos niveis sericos de calcio, fosforo, magnesio, sodio e potassio nos municipios de Rio Verde, Bela Vista de Goias, Sao Luis dos Montes Belos, Niquelandia, Neropolis, Jaragua e Itapaci)
650 _aBOVINO
650 _aDEFICIENCIA NUTRICIONAL
650 _aDISTURBIO NUTRICIONAL
650 _aGOIAS
773 0 _tAnais da Escola de Agronomia e Veterinaria (Brazil)
_xISSN 0100-218X
_g(1976), v. 6(1) p. 145-156
_wBR9209437
909 _a202311
_bLúcia
_c55
_dLúcia Elande
942 _2AGRIS
_n0
_cANA
999 _c137229
_d137229